Southville International School and Colleges
Your cart is empty.
  • Cart
  • Lists
    Public lists Eva Luna New books Lux_list list_1
    Your lists Log in to create your own lists
  • Log in to your account
  • Your cookies
  • Search history
Southville International School and Colleges
  • Advanced search
  • Recent comments
  • Most popular
  • Libraries

Log in to your account

Log in with GOOGLE


If you do not have an external account, but do have a local account, you can still log in:

  1. Home
  2. MARC view: You have mail :
Normal view MARC view ISBD view

You have mail : (Record no. 33822)

[ view plain ]
MARC details
000 -LEADER
fixed length control field 01310cam a22003734a 4500
001 - CONTROL NUMBER
control field 14427715
003 - CONTROL NUMBER IDENTIFIER
control field OSt
005 - DATE AND TIME OF LATEST TRANSACTION
control field 20140410083322.0
008 - FIXED-LENGTH DATA ELEMENTS--GENERAL INFORMATION
fixed length control field 060626s2007 nyuab b 001 0 eng
010 ## - LIBRARY OF CONGRESS CONTROL NUMBER
LC control number 2006021233
020 ## - INTERNATIONAL STANDARD BOOK NUMBER
International Standard Book Number 978053120859 (hbk. lib. bdg)
020 ## - INTERNATIONAL STANDARD BOOK NUMBER
International Standard Book Number 0531120856 (hbk. lib. bdg)
020 ## - INTERNATIONAL STANDARD BOOK NUMBER
International Standard Book Number 9780531187319 (pbk.)
020 ## - INTERNATIONAL STANDARD BOOK NUMBER
International Standard Book Number 0531187314 (pbk.)
040 ## - CATALOGING SOURCE
Original cataloging agency DLC
Transcribing agency DLC
Modifying agency DLC
050 00 - LIBRARY OF CONGRESS CALL NUMBER
Classification number QA 76.9.A25
Item number .N49 2008
100 1# - MAIN ENTRY--PERSONAL NAME
Personal name Newman, Matthew.
9 (RLIN) 23301
245 10 - TITLE STATEMENT
Title You have mail :
Remainder of title true stories of cybercrime /
Statement of responsibility, etc by Matthew Newman.
260 ## - PUBLICATION, DISTRIBUTION, ETC. (IMPRINT)
Place of publication, distribution, etc New York :
Name of publisher, distributor, etc Franklin Watts,
Date of publication, distribution, etc 2008
300 ## - PHYSICAL DESCRIPTION
Extent 64 p. :
Other physical details col. ill., maps ;
Dimensions 24 cm.
440 #0 - SERIES STATEMENT/ADDED ENTRY--TITLE
Title 24/7, science behind the scenes
9 (RLIN) 23302
504 ## - BIBLIOGRAPHY, ETC. NOTE
Bibliography, etc Includes bibliographical references (p. 56-58) and index.
521 ## - TARGET AUDIENCE NOTE
Target audience note
526 ## - STUDY PROGRAM INFORMATION NOTE
Reading level 790
562 ## - COPY AND VERSION IDENTIFICATION NOTE
Number of copies For Scholastic Reading Center. 1 copy available
650 #0 - SUBJECT ADDED ENTRY--TOPICAL TERM
Topical term or geographic name as entry element Computer security.
9 (RLIN) 9722
650 #0 - SUBJECT ADDED ENTRY--TOPICAL TERM
Topical term or geographic name as entry element Computer crimes.
9 (RLIN) 23303
856 41 - ELECTRONIC LOCATION AND ACCESS
Materials specified Table of contents only
Uniform Resource Identifier <a href="http://www.loc.gov/catdir/toc/ecip0616/2006021233.html">http://www.loc.gov/catdir/toc/ecip0616/2006021233.html</a>
906 ## - LOCAL DATA ELEMENT F, LDF (RLIN)
a 7
b cbc
c orignew
d 1
e ecip
f 20
g y-gencatlg
942 ## - ADDED ENTRY ELEMENTS (KOHA)
Source of classification or shelving scheme Library of Congress Classification
Koha item type Books
Holdings
Withdrawn status Lost status Source of classification or shelving scheme Damaged status Home library Current library Shelving location Date acquired Total Checkouts Full call number Barcode Date last seen Copy number Price effective from Koha item type
    Library of Congress Classification   Luxembourg Library Luxembourg Library Scholastic Reading Center Section 10/07/2013   QA 76.9.A25 .N49 2008 LEX1453 04/18/2017 1 10/07/2013 Books
    Library of Congress Classification   Luxembourg Library Luxembourg Library Scholastic Reading Center Section 10/07/2013   QA 76.9.A25 .N49 2008 LEX1454 04/18/2017 2 10/07/2013 Books
    Library of Congress Classification   Luxembourg Library Luxembourg Library Scholastic Reading Center Section 10/16/2013   QA 76.9.A25 .N49 2008 SCHO0423 04/18/2017 3 10/16/2013 Books
    Library of Congress Classification   Luxembourg Library Luxembourg Library Scholastic Reading Center Section 10/16/2013   QA 76.9.A25 .N49 2008 SCHO0427 04/18/2017 4 10/16/2013 Books

You have mail :

APA

Newman M., . (2008). You have mail. New York: Franklin Watts.

Chicago

Newman Matthew, . 2008. You have mail. New York: Franklin Watts.

Harvard

Newman M., . (2008). You have mail. New York: Franklin Watts.

MLA

Newman Matthew, . You have mail. New York: Franklin Watts. 2008.

  • Place hold
  • Print
  • Cite
  • Add to your cart (remove)
  • Save record
    BIBTEX Dublin Core MARCXML MARC (non-Unicode/MARC-8) MARC (Unicode/UTF-8) MARC (Unicode/UTF-8, Standard) MODS (XML) RIS
  • More searches
    Search for this title in:
    Other Libraries (WorldCat) Other Databases (Google Scholar) Online Stores (Bookfinder.com) Open Library (openlibrary.org)

Exporting to Dublin Core...

SOUTHVILLE LIBRARY

Southville International School and Colleges Library

1281 Tropical Ave. Cor. Luxembourg St., BF Homes International, Las Pinas City

Tel. No. 8256374 / 252358 Loc. 117/146

Powered by Koha